1598 1103 1944 1052 1035 1965 1474 1559 1323 1287 1154 1929 1031 1132 1954 1836 1392 1987 1139 1582 1983 1895 1572 1712 1996 1846 1370 1345 1774 1985 1917 1279 1760 1643 1305 1075 1771 1745 1424 1237 1455 1570 1858 1228 1393 1359 1033 1618 1905 1693 1486 1497 1740 1600 1698 1583 1921 1978 1068 1411 1418 1771 1408 1245 1650 1522 1707 1393 1259 1610 1831 1110 1346 1531 1293 1876 1711 1163 1034 1432 1347 1821 1973 1501 1207 1189 1304 1790 1387 1064 1261 1393 1586 1091 1966 1304 1478 1367 1339 BCNSPRNW ULIB Ver.6.0+V

เปลี่ยนเป็นภาษาไทย

Change to English
 แสดงรายละเอียดบรรณานุกรม
  กลับหน้าหลัก

Brief Record : Get Marc (ISO 2709) : E-mail record : QR code < ปิดหน้าต่าง
LEADER : 00000nam 2200000uu 4500
001    13399109083
003     ULIB
008    110321s2543||||th 000 0 tha d
020    9743461011
060  4 WY18^bอ346ก 2543
100 0  อรพรรณ ลือบุญธวัชชัย
110 1  จุฬาลงกรณ์มหาวิทยาลัย^bคณะพยาบาลศาสตร์
245 00 การคิดอย่างมีวิจารณญาณ:การเรียนการสอนทางการพยาบาลศาสตร์/^cอรพรรณ ลือบุญธวัชชัย
260    กรุงเทพฯ:^bจุฬาลงกรณ์มหาวิทยาลัย,^c2543
300    110 หน้า
650  7 การศึกษาทางการพยาบาล
650  7 การคิดอย่างมีวิจารณญาณกับการพยาบาล
945    ^p120^l0^i014005
945    ^p120^l0^i014004
945    ^p120^l0^i014003
945    ^p120^l0^i013025
945    ^p120^l0^i012913
945    ^p120^l0^i012912
945    ^p120^l0^i012911
945    ^p120^l0^i012910
945    ^p120^l0^i012908
945    ^p120^l0^i012907
945    ^p120^l0^i012906
945    ^p120^l0^i012914
945    ^p120^l0^i012909
995    ทศพร
999 ^a ใช้งานได้ทุกระบบ
รายการนี้ยังไม่มีแท็ก
คุณยังไม่ได้ล็อกอิน คุณสามารถมีกิจกรรมร่วมกับเว็บไซต์ได้ แต่ต้องล็อกอินก่อน ::
  ล็อกอิน

รายการสื่อสารสนเทศ

ลำดับที่ ประเภท เลขเรียก/บาร์โค้ด สถานที่ สถานะ
- ไม่พบข้อมูล -

รายการใกล้เคียง
    ผู้แต่ง [อรพรรณ ลือบุญธวัชชัย]

BibComment


ยังไม่เคยถูกคอมเมนท์

คอมเมนท์ทรัพยากรรายการนี้
  คอมเมนท์: การคิดอย่างมีวิจา..


 Copyright 2026. Bcnsprnw @Library